[Event "Joao Pessoa op 3rd"]
[Site "Joao Pessoa"]
[Date "2012.03.09"]
[Round "1"]
[White "Pinto, Carlos Henrique Lop"]
[Black "Guimaraes, Mario Sergio Souza"]
[Result "1-0"]
[WhiteElo "2124"]
[BlackElo "1829"]
[PlyCount "71"]
[EventDate "2012.03.09"]
[EventType "swiss"]
[EventRounds "6"]
[EventCountry "BRA"]
[SourceTitle "CBM 147 Extra"]
[Source "ChessBase"]
[SourceDate "2012.04.24"]
[SourceVersion "1"]
[SourceVersionDate "2012.04.24"]
[SourceQuality "1"]

1. e4 c5 2. Nf3 d6 3. Bb5+ Bd7 4. Bxd7+ Qxd7 5. 0-0 Nc6 6. c3 Nf6 7. Re1 e6 8. d3 Be7 9. Nbd2 0-0 10. Nf1 Rac8 11. h3 Rfd8 12. g4 Ne5 13. Ng3 Bf8 14. Nh2 Qb5 15. c4 Qb6 16. f4 Ng6 17. g5 Nd7 18. Qg4 Qc7 19. h4 d5 20. h5 Nge5 21. fxe5 Nxe5 22. Bf4 Bd6 23. Bxe5 Bxe5 24. Ngf1 dxc4 25. dxc4 Rd3 26. Nf3 Bxb2 27. Rad1 Rcd8 28. Rxd3 Rxd3 29. g6 hxg6 30. hxg6 fxg6 31. Re2 Qb6 32. Kg2 e5 33. Ne3 Bd4 34. Qc8+ Kf7 35. Ng5+ Ke7 36. Nd5+ 1-0

[Event "IECG CP.2004.Q.00008 email"]
[Site "IECG email"]
[Date "2006.01.20"]
[Round "?"]
[White "Guimaraes, Mario Sergio Souza"]
[Black "Bockhorn, Juergen"]
[Result "1-0"]
[WhiteElo "2129"]
[BlackElo "1909"]
[PlyCount "36"]
[EventDate "2006.01.20"]
[EventType "tourn (corr)"]
[EventRounds "6"]
[EventCountry "USA"]
[SourceTitle "Corr 2008"]
[Source "ChessBase"]
[SourceDate "2008.06.24"]
[SourceVersion "1"]
[SourceVersionDate "2008.06.24"]
[SourceQuality "1"]

1. e4 c5 2. Nc3 e6 3. Nf3 a6 4. d4 cxd4 5. Nxd4 Qc7 6. Bd3 Nf6 7. f4 b5 8. e5 b4 9. Ne4 Nxe4 10. Bxe4 Bb7 11. Qf3 Nc6 12. Nxc6 Bxc6 13. Bxc6 dxc6 14. Be3 Be7 15. 0-0 0-0 16. Rad1 Rfd8 17. c4 bxc3 18. bxc3 Rab8 1-0

[Event "IECG CP.2004.P.00040 email"]
[Site "IECG email"]
[Date "2004.10.01"]
[Round "?"]
[White "Perico, Antonio"]
[Black "Guimaraes, Mario Sergio Souza"]
[Result "1/2-1/2"]
[WhiteElo "1384"]
[BlackElo "2106"]
[PlyCount "60"]
[EventDate "2004.10.01"]
[EventType "tourn (corr)"]
[EventRounds "6"]
[SourceTitle "Corr 2011"]
[Source "ChessBase"]
[SourceDate "2010.08.31"]
[SourceVersion "1"]
[SourceVersionDate "2010.08.31"]
[SourceQuality "1"]

1. e4 c5 2. Nf3 d6 3. d4 cxd4 4. Nxd4 Nf6 5. Nc3 a6 6. g3 e6 7. Bg2 Qc7 8. 0-0 Be7 9. Nce2 0-0 10. b3 Nbd7 11. c4 Re8 12. Qc2 Rb8 13. Bd2 b6 14. e5 Nxe5 15. f4 Ng6 16. Nc6 Rb7 17. f5 exf5 18. Ned4 d5 19. Rae1 dxc4 20. Nxe7+ Nxe7 21. Bxb7 Bxb7 22. Qxc4 Qd7 23. Qc3 Ne4 24. Qb2 Nc5 25. Rxe7 Qxe7 26. Nxf5 Qe5 27. Qxe5 Rxe5 28. Be3 Be4 29. Nd6 Bd3 30. Re1 f6 1/2-1/2

[Event "IECG CA.2004.0.00131 email"]
[Site "IECG email"]
[Date "2004.08.03"]
[Round "?"]
[White "Guimaraes, Mario Sergio Souza"]
[Black "Ghyssens, Dirk"]
[Result "1-0"]
[WhiteElo "2106"]
[BlackElo "2092"]
[PlyCount "49"]
[EventDate "2004.08.30"]
[EventType "tourn (corr)"]
[EventRounds "6"]
[SourceTitle "Corr 2008"]
[Source "ChessBase"]
[SourceDate "2008.06.24"]
[SourceVersion "1"]
[SourceVersionDate "2008.06.24"]
[SourceQuality "1"]

1. d4 Nf6 2. Nf3 d5 3. c4 e6 4. g3 dxc4 5. Bg2 c5 6. 0-0 Nc6 7. Ne5 Bd7 8. Na3 cxd4 9. Naxc4 Nxe5 10. Nxe5 Qb6 11. Bf4 Rd8 12. a4 Bc6 13. Nxc6 bxc6 14. Qd3 Bd6 15. Rfc1 c5 16. a5 Qc7 17. Qb5+ Nd7 18. b4 Bxf4 19. Rxc5 Qd6 20. gxf4 0-0 21. Rc4 a6 22. Qc6 Qxf4 23. e3 Qg5 24. exd4 Nb8 25. Qf3 1-0

[Event "IECG CA.2004.0.00131 email"]
[Site "IECG email"]
[Date "2004.08.03"]
[Round "?"]
[White "Guimaraes, Mario Sergio Souza"]
[Black "Kuhn, Christian Helmut"]
[Result "1-0"]
[WhiteElo "2106"]
[BlackElo "1862"]
[PlyCount "95"]
[EventDate "2004.08.30"]
[EventType "tourn (corr)"]
[EventRounds "6"]
[SourceTitle "Corr 2008"]
[Source "ChessBase"]
[SourceDate "2008.06.24"]
[SourceVersion "1"]
[SourceVersionDate "2008.06.24"]
[SourceQuality "1"]

1. d4 Nf6 2. c4 c5 3. d5 b5 4. cxb5 a6 5. bxa6 g6 6. Nc3 Bxa6 7. g3 d6 8. Bg2 Nbd7 9. Nf3 Bg7 10. 0-0 Nb6 11. Re1 0-0 12. h3 Nfd7 13. Qc2 Ra7 14. Rd1 Qa8 15. e4 Bc4 16. b3 Be2 17. Re1 Bxf3 18. Bxf3 Rb8 19. Bb2 Rab7 20. Reb1 Qa5 21. Nd1 Bxb2 22. Rxb2 Nf6 23. Ne3 Qa3 24. Rbb1 Qb4 25. Bg2 Nfd7 26. Rd1 Ra7 27. Qd2 Qa3 28. Qc3 Na4 29. Qc1 Nab6 30. Qxa3 Rxa3 31. Nc2 Ra7 32. f4 Kf8 33. Kf2 c4 34. b4 Na4 35. a3 Nc3 36. Re1 Rba8 37. Re3 Nb5 38. Bf1 Nb6 39. g4 e6 40. dxe6 fxe6 41. f5 exf5 42. gxf5 gxf5 43. Rf3 Kg7 44. Rxf5 Nxa3 45. Ne3 Ra4 46. Be2 Rxb4 47. Rg1+ Kh8 48. Ng4 1-0

[Event "IECG QA.2004.0.00054"]
[Site "IECG email"]
[Date "2004.07.11"]
[Round "?"]
[White "Guimaraes, Mario Sergio Souza"]
[Black "Di Tolla, Francesco"]
[Result "1/2-1/2"]
[WhiteElo "2106"]
[BlackElo "2126"]
[PlyCount "59"]
[EventDate "2004.07.11"]
[EventType "tourn (corr)"]
[EventRounds "6"]
[SourceTitle "Corr 2008"]
[Source "ChessBase"]
[SourceDate "2008.06.24"]
[SourceVersion "1"]
[SourceVersionDate "2008.06.24"]
[SourceQuality "1"]

1. d4 Nf6 2. c4 e5 3. dxe5 Ng4 4. Bf4 Nc6 5. Nf3 Bb4+ 6. Nbd2 Qe7 7. e3 Ngxe5 8. Nxe5 Nxe5 9. Be2 0-0 10. 0-0 Ng6 11. Bg3 Bd6 12. Bxd6 Qxd6 13. Qc2 b6 14. Bf3 Rb8 15. Rfd1 Qe7 16. Rac1 d6 17. b4 Bb7 18. Bxb7 Rxb7 19. c5 dxc5 20. bxc5 Rd8 21. c6 Rbb8 22. Nf3 Rxd1+ 23. Rxd1 Rd8 24. h3 Nf8 25. Rxd8 Qxd8 26. Nd4 Qd5 27. Qe2 a5 28. Qa6 Qd8 29. Qc4 h6 30. g3 1/2-1/2

[Event "IECG CP.2001.Q.00020 email"]
[Site "IECG email"]
[Date "2002.10.01"]
[Round "?"]
[White "Guimaraes, Mario Sergio Souza"]
[Black "Quadri, Sergio Fabian"]
[Result "1/2-1/2"]
[WhiteElo "2226"]
[BlackElo "2061"]
[PlyCount "45"]
[EventDate "2002.10.01"]
[EventType "tourn (corr)"]
[EventRounds "10"]
[EventCountry "POL"]
[SourceTitle "Corr 2008"]
[Source "ChessBase"]
[SourceDate "2008.06.24"]
[SourceVersion "1"]
[SourceVersionDate "2008.06.24"]
[SourceQuality "1"]

1. Nf3 d5 2. d4 Nf6 3. Bg5 g6 4. e3 Bg7 5. Nbd2 0-0 6. Bd3 c5 7. c3 Qb6 8. Rb1 Nc6 9. 0-0 e5 10. Nxe5 Nxe5 11. dxe5 Ng4 12. Nf3 Nxe5 13. Nxe5 Bxe5 14. f4 Bf6 15. Bxf6 Qxf6 16. Qf3 Bf5 17. e4 dxe4 18. Bxe4 Bxe4 19. Qxe4 b6 20. Rbe1 Rad8 21. Re2 Rd7 22. f5 Rfd8 23. fxg6 1/2-1/2

[Event "IECG CP.2001.Q.00020 email"]
[Site "IECG email"]
[Date "2002.10.01"]
[Round "?"]
[White "Guimaraes, Mario Sergio Souza"]
[Black "Turicnik, Vladimir"]
[Result "1/2-1/2"]
[WhiteElo "2226"]
[BlackElo "1898"]
[PlyCount "50"]
[EventDate "2002.10.01"]
[EventType "tourn (corr)"]
[EventRounds "10"]
[EventCountry "POL"]
[SourceTitle "Corr 2008"]
[Source "ChessBase"]
[SourceDate "2008.06.24"]
[SourceVersion "1"]
[SourceVersionDate "2008.06.24"]
[SourceQuality "1"]

1. Nf3 Nf6 2. d4 g6 3. c4 Bg7 4. Nc3 d5 5. Qb3 dxc4 6. Qxc4 0-0 7. e4 Na6 8. Be2 c5 9. d5 e6 10. 0-0 exd5 11. exd5 Bf5 12. Be3 Qb6 13. b3 Rfe8 14. Rad1 Rad8 15. h3 Qa5 16. Rfe1 Nd7 17. Na4 Nb4 18. Bg5 Rc8 19. Bd2 Re4 20. Qc1 Rxe2 21. Rxe2 Qa6 22. Bxb4 Qxe2 23. Bc3 Nf6 24. Rd2 Qe8 25. Qb2 Qd8 1/2-1/2

[Event "IECG CP.2001.Q.00020 email"]
[Site "IECG email"]
[Date "2002.10.01"]
[Round "?"]
[White "Guimaraes, Mario Sergio Souza"]
[Black "Vorobyev, Albert A"]
[Result "1/2-1/2"]
[WhiteElo "2226"]
[BlackElo "2088"]
[PlyCount "41"]
[EventDate "2002.10.01"]
[EventType "tourn (corr)"]
[EventRounds "10"]
[EventCountry "POL"]
[SourceTitle "Corr 2008"]
[Source "ChessBase"]
[SourceDate "2008.06.24"]
[SourceVersion "1"]
[SourceVersionDate "2008.06.24"]
[SourceQuality "1"]

1. Nf3 d5 2. d4 c6 3. c4 Nf6 4. Nc3 e6 5. e3 Nbd7 6. Qc2 Bd6 7. Bd3 0-0 8. 0-0 dxc4 9. Bxc4 e5 10. Bb3 exd4 11. exd4 Qc7 12. Re1 Nb6 13. h3 Bd7 14. Ng5 Nbd5 15. Nxd5 cxd5 16. Qxc7 Bxc7 17. Nf3 h6 18. Be3 Rac8 19. Ne5 Be6 20. Rac1 Ba5 21. Red1 1/2-1/2

[Event "IECG CP.2001.Q.00020 email"]
[Site "IECG email"]
[Date "2002.10.01"]
[Round "?"]
[White "Malmstroem, Jan"]
[Black "Guimaraes, Mario Sergio Souza"]
[Result "0-1"]
[WhiteElo "1917"]
[BlackElo "2226"]
[PlyCount "64"]
[EventDate "2002.10.01"]
[EventType "tourn (corr)"]
[EventRounds "10"]
[EventCountry "POL"]
[SourceTitle "Corr 2008"]
[Source "ChessBase"]
[SourceDate "2008.06.24"]
[SourceVersion "1"]
[SourceVersionDate "2008.06.24"]
[SourceQuality "1"]

1. d4 Nf6 2. c4 g6 3. Nc3 Bg7 4. e4 d6 5. Nf3 0-0 6. Be2 e5 7. 0-0 Nc6 8. d5 Ne7 9. b4 Nh5 10. Re1 f5 11. Ng5 Nf4 12. Bxf4 exf4 13. Rc1 Be5 14. Qd3 fxe4 15. Ncxe4 Bf5 16. Ne6 Bxe6 17. dxe6 Nc6 18. Qd5 Qe7 19. b5 Nd4 20. Qxb7 Rab8 21. Qxa7 Ra8 22. Qb7 f3 23. Bxf3 Nxf3+ 24. gxf3 Rxa2 25. Qd5 Rf5 26. Rb1 Kg7 27. Qd3 Qh4 28. Ng3 Rh5 29. Re2 Rxe2 30. Nxe2 Qh3 31. Ng3 Qxh2+ 32. Kf1 Qh3+ 0-1

[Event "IECC CL1-2002.12"]
[Site "IECC email"]
[Date "2002.06.16"]
[Round "?"]
[White "Gawehns, Klaus"]
[Black "Guimaraes, Mario Sergio Souza"]
[Result "1/2-1/2"]
[WhiteElo "2452"]
[BlackElo "2406"]
[PlyCount "50"]
[EventDate "2002.??.??"]
[EventType "tourn (corr)"]
[EventRounds "4"]
[SourceTitle "Corr 2008"]
[Source "ChessBase"]
[SourceDate "2008.06.24"]
[SourceVersion "1"]
[SourceVersionDate "2008.06.24"]
[SourceQuality "1"]

1. b3 e5 2. Bb2 Nc6 3. e3 d5 4. Bb5 Bd6 5. f4 Qe7 6. Nf3 f6 7. Nc3 Be6 8. 0-0 Nh6 9. fxe5 fxe5 10. e4 d4 11. Nd5 Qd7 12. c3 a6 13. Bxc6 bxc6 14. Nb4 c5 15. Nd3 Nf7 16. cxd4 cxd4 17. Rc1 Qe7 18. Nc5 Bg4 19. Qc2 0-0 20. Qc4 Kh8 21. Nb7 Bxf3 22. Rxf3 Ng5 23. Rxf8+ Rxf8 24. Nxd6 Qxd6 25. Qe2 h6 1/2-1/2

[Event "IECC CL1-2002.12"]
[Site "IECC email"]
[Date "2002.06.16"]
[Round "?"]
[White "Guimaraes, Mario Sergio Souza"]
[Black "Kulczycki, Michael"]
[Result "1/2-1/2"]
[WhiteElo "2412"]
[BlackElo "2100"]
[PlyCount "38"]
[EventDate "2002.??.??"]
[EventType "tourn (corr)"]
[EventRounds "4"]
[SourceTitle "Corr 2008"]
[Source "ChessBase"]
[SourceDate "2008.06.24"]
[SourceVersion "1"]
[SourceVersionDate "2008.06.24"]
[SourceQuality "1"]

1. d4 Nf6 2. c4 e6 3. Nc3 Bb4 4. e3 c5 5. Nge2 cxd4 6. exd4 0-0 7. a3 Be7 8. d5 exd5 9. cxd5 Re8 10. d6 Bf8 11. g3 b6 12. Bg2 Nc6 13. 0-0 Ba6 14. b4 Bc4 15. Re1 Rc8 16. Bf4 Ne5 17. Qd4 Nd3 18. Red1 Nxf4 19. Nxf4 g5 1/2-1/2

[Event "IECC CL1-2002.12"]
[Site "IECC email"]
[Date "2002.06.16"]
[Round "?"]
[White "Le Duigou, Jean Guy"]
[Black "Guimaraes, Mario Sergio Souza"]
[Result "1/2-1/2"]
[WhiteElo "2157"]
[BlackElo "2417"]
[PlyCount "37"]
[EventDate "2002.??.??"]
[EventType "tourn (corr)"]
[EventRounds "4"]
[SourceTitle "Corr 2008"]
[Source "ChessBase"]
[SourceDate "2008.06.24"]
[SourceVersion "1"]
[SourceVersionDate "2008.06.24"]
[SourceQuality "1"]

1. Nf3 Nf6 2. c4 e6 3. d4 d5 4. Nc3 Be7 5. Bg5 0-0 6. e3 h6 7. Bh4 b6 8. cxd5 Nxd5 9. Bxe7 Qxe7 10. Rc1 Bb7 11. Nxd5 Bxd5 12. Be2 Rc8 13. 0-0 c5 14. dxc5 Rxc5 15. Rxc5 Qxc5 16. a3 Qc7 17. Nd4 Nd7 18. Bf3 Nf6 19. Bxd5 1/2-1/2

[Event "IECG CP.2001.P.00043"]
[Site "IECG email"]
[Date "2001.10.01"]
[Round "?"]
[White "Davidson, Allan D"]
[Black "Guimaraes, Mario Sergio Souza"]
[Result "0-1"]
[WhiteElo "800"]
[BlackElo "2204"]
[PlyCount "70"]
[EventDate "2001.10.01"]
[EventType "tourn (corr)"]
[EventRounds "6"]
[SourceTitle "Corr 2008"]
[Source "ChessBase"]
[SourceDate "2008.06.24"]
[SourceVersion "1"]
[SourceVersionDate "2008.06.24"]
[SourceQuality "1"]

1. e4 c5 2. Nf3 d6 3. Bc4 e6 4. c3 Nf6 5. d4 Nxe4 6. dxc5 Nxc5 7. Nbd2 d5 8. Bb5+ Bd7 9. Bxd7+ Nbxd7 10. Qe2 Bd6 11. c4 0-0 12. 0-0 Nf6 13. Nb3 dxc4 14. Nxc5 Bxc5 15. Rd1 Qc7 16. Be3 Bxe3 17. Qxe3 a6 18. Rac1 Rfd8 19. Qe5 Qxe5 20. Nxe5 b5 21. Nc6 Rxd1+ 22. Rxd1 Nd5 23. Rd4 Kf8 24. h4 Rc8 25. Ne5 f6 26. Nf3 b4 27. Re4 c3 28. bxc3 bxc3 29. Rxe6 c2 30. Re1 c1Q 31. Rxc1 Rxc1+ 32. Kh2 Ra1 33. Nd4 Rxa2 34. f3 a5 35. Kh3 a4 0-1

[Event "IECG CP.2001.P.00043"]
[Site "IECG email"]
[Date "2001.10.01"]
[Round "?"]
[White "Guimaraes, Mario Sergio Souza"]
[Black "Pinasco, Damian"]
[Result "1/2-1/2"]
[WhiteElo "2204"]
[BlackElo "2035"]
[PlyCount "85"]
[EventDate "2001.10.01"]
[EventType "tourn (corr)"]
[EventRounds "6"]
[SourceTitle "Corr 2008"]
[Source "ChessBase"]
[SourceDate "2008.06.24"]
[SourceVersion "1"]
[SourceVersionDate "2008.06.24"]
[SourceQuality "1"]

1. d4 e6 2. c4 f5 3. Nf3 Nf6 4. g3 d5 5. Bg2 c6 6. 0-0 Bd6 7. b3 Qe7 8. Bb2 b6 9. Nbd2 0-0 10. Ne5 Bb7 11. Rc1 a5 12. e3 c5 13. dxc5 bxc5 14. Qc2 Ne4 15. Rfd1 Rc8 16. f4 Nc6 17. Nxc6 Bxc6 18. cxd5 exd5 19. Bh3 Nf6 20. Nf1 g6 21. Bg2 a4 22. Bxf6 Qxf6 23. Bxd5+ Bxd5 24. Rxd5 axb3 25. axb3 Re8 26. Rcd1 Bf8 27. Kf2 Qe6 28. R1d3 Ra1 29. Re5 Qf7 30. Rxe8 Qxe8 31. Qc4+ Qf7 32. h3 Qxc4 33. bxc4 Be7 34. Nd2 Kf7 35. Kf3 Rh1 36. h4 h5 37. e4 fxe4+ 38. Kxe4 Ke6 39. Kf3 Re1 40. Re3+ Rxe3+ 41. Kxe3 Kf5 42. Kf3 Bf6 43. Nf1 1/2-1/2

[Event "IECG CP.2001.P.00043"]
[Site "IECG email"]
[Date "2001.10.01"]
[Round "?"]
[White "Prasad, Niranjan"]
[Black "Guimaraes, Mario Sergio Souza"]
[Result "1/2-1/2"]
[WhiteElo "1900"]
[BlackElo "2204"]
[PlyCount "31"]
[EventDate "2001.10.01"]
[EventType "tourn (corr)"]
[EventRounds "6"]
[SourceTitle "Corr 2008"]
[Source "ChessBase"]
[SourceDate "2008.06.24"]
[SourceVersion "1"]
[SourceVersionDate "2008.06.24"]
[SourceQuality "1"]

1. d4 Nf6 2. c4 e6 3. Nc3 d5 4. Bg5 Be7 5. cxd5 exd5 6. e3 c6 7. Bd3 Nbd7 8. Qc2 h6 9. Bh4 0-0 10. Nf3 Re8 11. 0-0 Ne4 12. Bxe7 Qxe7 13. Rab1 Ndf6 14. b4 a6 15. a4 Bf5 16. Ne5 1/2-1/2